Влияние кислородного индекса на акустические, упругие и теплофизические свойства кристаллов формулы NaNOx; Прогрессивные технологии и экономика в машиностроении

Dettagli Bibliografici
Parent link:Прогрессивные технологии и экономика в машиностроении.— 2003.— C. 309-310
Autore principale: Беломестных В. Н. Владимир Николаевич
Altri autori: Теслева Е. П. Елена Павловна
Lingua:russo
Pubblicazione: 2003
Soggetti:
Natura: MixedMaterials Capitolo di libro
KOHA link:https://koha.lib.tpu.ru/cgi-bin/koha/opac-detail.pl?biblionumber=112060

MARC

LEADER 00000naa2a2200000 4500
001 112060
005 20231101215033.0
035 |a (RuTPU)RU\TPU\book\121095 
090 |a 112060 
100 |a 20070322d2003 k y0rusy50 ca 
101 0 |a rus 
102 |a RU 
200 1 |a Влияние кислородного индекса на акустические, упругие и теплофизические свойства кристаллов формулы NaNOx  |f В. Н. Беломестных , Е. П. Теслева 
320 |a Библиогр.: 1 назв. 
463 0 |0 (RuTPU)RU\TPU\book\63552  |y 5-98298-035-8  |t Прогрессивные технологии и экономика в машиностроении  |o труды Всероссийской научно-практической конференции, Юрга, 24-25 апреля 2003 г.  |f Томский политехнический университет; Филиал ТПУ в Юрге; отв. ред. Б. Г. Долгун  |v C. 309-310  |d 2003  |p 374 с. 
610 1 |a кислородный индекс 
610 1 |a акустические свойства 
610 1 |a теплофизические свойства 
610 1 |a упругость 
610 1 |a кристаллы 
610 1 |a материаловедение 
610 1 |a неорганические материалы 
610 1 |a натриевые соединения 
610 1 |a третий атом кислорода 
610 1 |a труды учёных ТПУ 
700 1 |a Беломестных  |b В. Н.  |c физик, физико-химик  |c профессор Юргинского технологического института (филиала) Томского политехничесого университета  |f 1939-  |g Владимир Николаевич  |2 stltpush  |3 (RuTPU)RU\TPU\pers\25113 
701 1 |a Теслева  |b Е. П.  |c физик  |c доцент Юргинского технологического института (филиала) Томского политехнического университета, кандидат физико-математических наук  |f 1976-  |g Елена Павловна  |2 stltpush  |3 (RuTPU)RU\TPU\pers\25111  |9 11214 
801 1 |a RU  |b 63413507  |c 20070322  |g PSBO 
801 2 |a RU  |b 63413507  |c 20160808  |g RCR 
942 |c BK